01486nam a2200289 i 4500001000700000003000900007005001700016007000300033008004100036080003400077245022600111260003300337300003000370490003700400505026900437700002600706700003500732700003300767700004200800700002700842700005500869700004200924830005700966852003201023999001901055952012201074128946ES-MaACL20250910213919.0t|070531s1963 sp ||||1| spa d a821.111(417)-2"18"/19"(082.2)00aTeatro irlandés contemporáneo / ctraducciones del inglés por Luis Escolar, Isabel Gil de Ramales, Amando Lázaro Ros, Charles David Ley, Juan Martín y Victor Sánchez de Zavala ; prólogo de Charles David Ley. aMadrid : bAguilar, c[1963] a378 p. : bil. ; c20 cm.1 aColección Teatro Contemporaneo8 aContiene: La condesa Catalina / W.B. Yeats.-- El saltimbanqui del mundo occidental / J.M. Synge.-- A la salida de la luna / Lady Gregory.-- Una noche en la posada / Lord Dunsany.-- Juno y el pavo real / Sean O'Casey.-- La luna en el río amarillo / Denis Johnston1 aEscolar, Luis.9476031 aGil de Ramales, Isabel.9567991 aLázaro Ros, Amando.9708071 aLey, Charles David,d1913-19969720881 aMartín, Juan.9773301 aSánchez de Zavala, Víctor, d1926-199691026011 aLey, Charles David,d1913-199697208800aColección teatro contemporáneo (Aguilar)9219312 aES-MaACLjC-24910 bR.53605 c128946d128946 00104070aATENEOMbATENEOMcDEPO2d2008-01-17eSCl0oC-24910p1134285r2023-02-23 00:00:00w2023-02-23yMONOGRAFIA